000 00328nam a22001457a 4500
020 _a81-7176-254-9
082 _a823
_bPAN/T
100 _aPANAMKAT, MATHEW
245 _aTHE TALKING MONKEY
260 _aMUMBAI
_bPAULINE
300 _a40
520 _aENGLISH SHORT STORY
650 _aENGLISH SHORT STORY
_zMUMBAI
942 _cBK
999 _c5976
_d5976